Pixelated Brazil Map - Statistics

General Stats
  • This quiz has been taken 404 times
  • The average score is 479 of 743
Answers on the Map
Answers color-coded by a green-red scale on the quiz's map according to % correct below.
 
Answer Stats
Answer % Correct
Rio de Janeiro
92%
São Paulo
87%
Amazonas
80%
Pará
70%
Acre
68%
Mato Grosso
67%
Bahia
63%
Rio Grande do Sul
62%
Minas Gerais
58%
Mato Grosso do Sul
57%
Paraná
57%
Amapá
55%
Goiás
55%
Rio Grande do Norte
55%
Rondônia
55%
Santa Catarina
55%
Roraima
53%
Ceará
52%
Espirito Santo
50%
Pernambuco
49%
Sergipe
49%
Tocantins
49%
Maranhão
45%
Piauí
45%
Alagoas
44%
Paraíba
42%
No matching quizzes found
Score Distribution
Percent of People with Each Score
Percentile by Number Answered
Your Score History
You have not taken this quiz